000 00310nam a2200145Ia 4500
100 _aShah/Prakash
650 _aElectrical Engineering
942 _cRB
654 _aRewinding
245 _aMotor Rewinding
260 _bArna Vidyuth Shala
_aPune
_c1990
300 _a272
546 _aMARATHI
999 _c26855
_d26855